[Event "TCh-POL Ekstraliga 2018"]
[Site "Poland POL"]
[Date "2018.09.16"]
[Round "6.3"]
[Board "6"]
[White "Osmak, Iulija"]
[Black "Socko, Monika"]
[Result "1/2-1/2"]
[WhiteTitle "IM"]
[BlackTitle "GM"]
[WhiteElo "2392"]
[BlackElo "2458"]
[WhiteTeam "TS Wisla Krakow"]
[BlackTeam "Wasko HETMAN GKS Katowice"]
[WhiteFideId "14101602"]
[BlackFideId "1106619"]
[EventDate "2018.06.08"]

1. d4 Nf6 2. Bg5 e6 3. Nd2 h6 4. Bh4 d5 5. e3 c5 6. c3 Nc6 7. Ngf3 Bd6 8. Bd3
O-O 9. O-O Re8 10. Re1 Bd7 11. e4 Be7 12. Bxf6 Bxf6 13. dxc5 Qc7 14. Qc2 a5 15.
a4 Ne5 16. Nxe5 Bxe5 17. Nf3 Bf6 18. e5 Be7 19. b4 Rec8 20. Qb3 b6 21. cxb6 Qxc3
22. Reb1 Qxb3 23. Rxb3 Rcb8 24. bxa5 Rxa5 25. b7 Kf8 26. Rb6 Bd8 27. Rb4 Ra7 28.
Rab1 Be7 29. Rb6 Bc5 30. R6b2 Ke8 31. g3 Kd8 32. Rc2 Be7 33. Nd4 Raxb7 34. Rxb7
Rxb7 35. Nc6+ Bxc6 36. Rxc6 Rc7 37. Ra6 Bc5 38. Bb5 Bd4 39. Ra8+ Rc8 40. Rxc8+
Kxc8 41. Be8 Bxe5 42. Bxf7 Kd7 1/2-1/2

[Event "TCh-POL Ekstraliga 2018"]
[Site "Poland POL"]
[Date "2018.09.16"]
[Round "6.4"]
[Board "1"]
[White "Tomczak, Jacek"]
[Black "Plichta, Kamil"]
[Result "1-0"]
[WhiteTitle "GM"]
[BlackTitle "FM"]
[WhiteElo "2598"]
[BlackElo "2335"]
[WhiteTeam "Akademia Szachowa ChessGrow Gliwice"]
[BlackTeam "Bialy Krol Wisznia Mala"]
[WhiteFideId "1124668"]
[BlackFideId "1141830"]
[EventDate "2018.06.08"]

1. e4 c5 2. Nf3 g6 3. d4 cxd4 4. Nxd4 Nc6 5. c4 Bg7 6. Be3 Nf6 7. Nc3 O-O 8. Be2
d6 9. O-O Bd7 10. Nc2 Rc8 11. b3 Qa5 12. Bd2 a6 13. Kh1 Be8 14. f4 Nd7 15. Qe1
Qd8 16. Rd1 Nc5 17. f5 Ne5 18. Qh4 f6 19. Nd4 g5 20. Qh3 Nc6 21. Be3 Nxd4 22.
Bxd4 Bf7 23. e5 fxe5 24. Bxc5 Rxc5 25. Ne4 Qa5 26. Nxg5 h6 27. Bd3 Qd8 28. f6
exf6 29. Qf5 Re8 30. Qh7+ Kf8 31. Nxf7 Kxf7 32. Bg6+ Ke7 33. Qxg7+ Ke6 34. Bf5# 1-0

[Event "TCh-POL Ekstraliga 2018"]
[Site "Poland POL"]
[Date "2018.09.16"]
[Round "6.4"]
[Board "2"]
[White "Butkiewicz, Lukasz"]
[Black "Czarnota, Pawel"]
[Result "1/2-1/2"]
[WhiteTitle "IM"]
[BlackTitle "GM"]
[WhiteElo "2449"]
[BlackElo "2546"]
[WhiteTeam "Bialy Krol Wisznia Mala"]
[BlackTeam "Akademia Szachowa ChessGrow Gliwice"]
[WhiteFideId "1122428"]
[BlackFideId "1121219"]
[EventDate "2018.06.08"]

1. e4 c5 2. Nf3 d6 3. d4 cxd4 4. Nxd4 Nf6 5. Nc3 Nc6 6. Bc4 e6 7. Be3 a6 8. Bb3
Qc7 9. f4 Na5 10. f5 Nxb3 11. axb3 Be7 12. O-O O-O 13. Qf3 Bd7 14. g4 d5 15.
exd5 Nxd5 16. Nxd5 exd5 17. Rae1 Rfe8 18. Bf2 Bf6 19. c3 Bxd4 20. Bxd4 Bb5 21.
Rxe8+ Rxe8 22. Rf2 Qe7 23. f6 Qe1+ 24. Kg2 g6 25. Qf4 Qe4+ 26. Qxe4 Rxe4 27. h3
h6 28. Rd2 g5 29. Rf2 Kh7 30. Kg3 Bd7 31. Rf3 Kg6 32. Kf2 Bb5 33. Kg3 Re2 34.
Rf2 Re1 35. Rf5 Re2 36. Rf2 Re1 1/2-1/2

[Event "TCh-POL Ekstraliga 2018"]
[Site "Poland POL"]
[Date "2018.09.16"]
[Round "6.4"]
[Board "3"]
[White "Olszewski, Michal"]
[Black "Skawinski, Arkadiusz"]
[Result "1/2-1/2"]
[WhiteTitle "GM"]
[BlackTitle "FM"]
[WhiteElo "2529"]
[BlackElo "2425"]
[WhiteTeam "Akademia Szachowa ChessGrow Gliwice"]
[BlackTeam "Bialy Krol Wisznia Mala"]
[WhiteFideId "1121251"]
[BlackFideId "1126415"]
[EventDate "2018.06.08"]

1. e4 e6 2. Qe2 c5 3. g3 Nc6 4. Bg2 g6 5. f4 Bg7 6. Nf3 Nge7 7. O-O O-O 8. c3
Rb8 9. Na3 d6 10. Rd1 Qa5 11. d4 cxd4 12. cxd4 d5 13. e5 b5 14. Nc2 b4 15. Qf2
Ba6 16. Ne3 Qb5 17. Bf1 Qb6 18. Bh3 Qb5 19. b3 Qe2 20. Bb2 Rfc8 21. Rd2 Qxf2+
22. Kxf2 h5 23. Ne1 Na5 24. Bf1 Bxf1 25. Kxf1 Nf5 26. Nxf5 gxf5 27. Ke2 Rc7 28.
Nc2 Nc6 29. Ne3 Ne7 30. Rc2 Rxc2+ 31. Nxc2 a5 32. Bc1 1/2-1/2

[Event "TCh-POL Ekstraliga 2018"]
[Site "Poland POL"]
[Date "2018.09.16"]
[Round "6.4"]
[Board "4"]
[White "Luch, Michal"]
[Black "Warakomski, Tomasz"]
[Result "0-1"]
[WhiteTitle "IM"]
[BlackTitle "GM"]
[WhiteElo "2395"]
[BlackElo "2505"]
[WhiteTeam "Bialy Krol Wisznia Mala"]
[BlackTeam "Akademia Szachowa ChessGrow Gliwice"]
[WhiteFideId "1120042"]
[BlackFideId "1124552"]
[EventDate "2018.06.08"]

1. d4 d5 2. c4 c6 3. Nf3 Nf6 4. Qc2 dxc4 5. Qxc4 Bg4 6. Ne5 Be6 7. Qa4 Nbd7 8.
Nxd7 Bxd7 9. Nc3 c5 10. Qc4 cxd4 11. Qxd4 Bc6 12. Qxd8+ Rxd8 13. f3 e6 14. Be3
Nd7 15. O-O-O b5 16. Bxa7 b4 17. Ne4 Ra8 18. Nd6+ Bxd6 19. Rxd6 Rxa7 20. Rxc6
Ke7 21. f4 Rxa2 22. g3 Ra1+ 23. Kc2 b3+ 24. Kxb3 Rb8+ 25. Kc2 Ra2 26. Kd2 Rbxb2+
27. Ke3 f5 28. Kf3 e5 29. h3 Ra3+ 30. Kf2 exf4 31. gxf4 Ra4 32. Bg2 Rxf4+ 33.
Ke3 g5 34. Ra1 Rb3+ 35. Kd2 Rg3 36. Bf3 Rxh3 37. Raa6 Rd4+ 38. Ke3 Rd1 39. Kf2
g4 40. Bg2 Rb3 41. Re6+ Kf7 42. Re3 Rb6 43. Ra7 Re6 44. Bb7 Rxe3 45. Kxe3 Kg6
46. Bc8 Nf6 47. Kf4 Rd4+ 48. Kg3 Rc4 0-1

[Event "TCh-POL Ekstraliga 2018"]
[Site "Poland POL"]
[Date "2018.09.16"]
[Round "6.4"]
[Board "5"]
[White "Kantans, Toms"]
[Black "Bronowicki, Mateusz"]
[Result "1-0"]
[WhiteTitle "GM"]
[BlackTitle "FM"]
[WhiteElo "2526"]
[BlackElo "2288"]
[WhiteTeam "Akademia Szachowa ChessGrow Gliwice"]
[BlackTeam "Bialy Krol Wisznia Mala"]
[WhiteFideId "11602945"]
[BlackFideId "1122690"]
[EventDate "2018.06.08"]

1. e4 e6 2. d4 d5 3. Nd2 Nf6 4. e5 Nfd7 5. Bd3 c5 6. c3 Nc6 7. Ne2 cxd4 8. cxd4
f6 9. exf6 Qxf6 10. Nf3 h6 11. O-O Bd6 12. Bb1 O-O 13. Ng3 Rf7 14. Nh5 Qe7 15.
Bg6 Rf8 16. Re1 e5 17. dxe5 Ndxe5 18. Nxe5 Bxe5 19. Qxd5+ Be6 20. Qe4 Rad8 21.
Be3 Bxb2 22. Rab1 Bc3 23. Re2 Bd5 24. Qc2 Bc4 25. Ree1 Qe5 26. Rbc1 Nd4 27. Bxd4
Qxd4 28. Qxc3 Bxa2 29. Qxd4 Rxd4 30. Rc7 Rd6 31. Rxg7+ Kh8 32. f4 a5 33. f5 a4
34. Rh7+ Kg8 35. Ree7 Rd1+ 36. Kf2 1-0

[Event "TCh-POL Ekstraliga 2018"]
[Site "Poland POL"]
[Date "2018.09.16"]
[Round "6.4"]
[Board "6"]
[White "Bartel, Marta"]
[Black "Warakomska, Anna"]
[Result "1/2-1/2"]
[WhiteTitle "WGM"]
[BlackTitle "WIM"]
[WhiteElo "2247"]
[BlackElo "2349"]
[WhiteTeam "Bialy Krol Wisznia Mala"]
[BlackTeam "Akademia Szachowa ChessGrow Gliwice"]
[WhiteFideId "1123009"]
[BlackFideId "1130790"]
[EventDate "2018.06.08"]

1. d4 Nf6 2. c4 e6 3. Nc3 Bb4 4. Nf3 O-O 5. e3 d5 6. Be2 c5 7. a3 Bxc3+ 8. bxc3
dxc4 9. Bxc4 Qc7 10. Be2 b6 11. O-O Bb7 12. h3 Nbd7 13. Bb2 c4 14. a4 a6 15. Nd2
b5 16. Ba3 Rfb8 17. Qc2 Nb6 18. axb5 axb5 19. e4 Ra4 20. e5 Qc6 21. Bf3 Nfd5 22.
Bd6 Rba8 23. Rxa4 Nxa4 24. Ne4 h6 25. Ra1 Qb6 26. Ra3 Ra6 27. Nc5 Nxc5 28. Bxc5
Qc6 29. Bxd5 Qxd5 30. f3 Rxa3 31. Bxa3 Qd8 32. Qc1 Qa5 33. Kf2 Qa4 34. Kg1 Qa5 1/2-1/2

[Event "TCh-POL Ekstraliga 2018"]
[Site "Poland POL"]
[Date "2018.09.16"]
[Round "6.5"]
[Board "1"]
[White "Ponizil, Cyril"]
[Black "Protaziuk, Grzegorz"]
[Result "1-0"]
[WhiteTitle "IM"]
[WhiteElo "2493"]
[BlackElo "2334"]
[WhiteTeam "UKS Hetman Czestochowa"]
[BlackTeam "LKS Wrzos Miedzyborow"]
[WhiteFideId "322202"]
[BlackFideId "1106929"]
[EventDate "2018.06.08"]

1. e4 c5 2. Nf3 e6 3. d4 cxd4 4. Nxd4 Nc6 5. Nc3 Qc7 6. g3 a6 7. Bg2 d6 8. O-O
Bd7 9. Nb3 Be7 10. a4 b6 11. Re1 Nf6 12. f4 Bc8 13. e5 dxe5 14. fxe5 Nd7 15. Qg4
Bf8 16. Bf4 Bb7 17. Nd5 Qd8 18. Rad1 Ra7 19. c4 Ne7 20. Bg5 exd5 21. cxd5 Qc8
22. Bxe7 Bxe7 23. Qxg7 Bc5+ 24. Nd4 Rf8 25. e6 Kd8 26. d6 Bxd6 27. exd7 Qc5 28.
b4 Qh5 29. Qf6+ Kc7 30. Nb5+ 1-0

[Event "TCh-POL Ekstraliga 2018"]
[Site "Poland POL"]
[Date "2018.09.16"]
[Round "6.5"]
[Board "2"]
[White "Antoniewski, Rafal"]
[Black "Zwardon, Vojtech"]
[Result "1/2-1/2"]
[WhiteTitle "GM"]
[BlackTitle "IM"]
[WhiteElo "2521"]
[BlackElo "2424"]
[WhiteTeam "LKS Wrzos Miedzyborow"]
[BlackTeam "UKS Hetman Czestochowa"]
[WhiteFideId "1111078"]
[BlackFideId "325511"]
[EventDate "2018.06.08"]

1. d4 Nf6 2. c4 e6 3. Nc3 Bb4 4. e3 O-O 5. Bd3 d5 6. Nf3 c5 7. O-O Nc6 8. cxd5
exd5 9. dxc5 Bxc5 10. b3 Bg4 11. Bb2 Qe7 12. h3 Bxf3 13. Qxf3 d4 14. Na4 Ne5 15.
Qe2 Nxd3 16. Qxd3 dxe3 17. Nxc5 Qxc5 18. Bxf6 gxf6 19. Rac1 exf2+ 20. Kh1 Qe5
21. Qf3 Rae8 22. Rxf2 Re7 23. Rc4 Kh8 24. Rf4 Rg8 25. Rxf6 Rg3 26. Qf4 Qxf4 27.
R6xf4 Kg7 28. Rd4 Rg6 29. Kh2 Rge6 30. Rg4+ Rg6 31. Ra4 a6 32. Raf4 Rd6 1/2-1/2

[Event "TCh-POL Ekstraliga 2018"]
[Site "Poland POL"]
[Date "2018.09.16"]
[Round "6.5"]
[Board "3"]
[White "Piesik, Piotr"]
[Black "Cyborowski, Lukasz"]
[Result "0-1"]
[WhiteTitle "FM"]
[BlackTitle "GM"]
[WhiteElo "2353"]
[BlackElo "2514"]
[WhiteTeam "UKS Hetman Czestochowa"]
[BlackTeam "LKS Wrzos Miedzyborow"]
[WhiteFideId "1136194"]
[BlackFideId "1108760"]
[EventDate "2018.06.08"]

1. Nf3 d5 2. g3 Nf6 3. Bg2 e6 4. O-O b5 5. d3 Bb7 6. Nbd2 Be7 7. e4 O-O 8. Qe2
c5 9. Re1 Nc6 10. e5 Nd7 11. c3 a5 12. Nf1 a4 13. h4 c4 14. a3 cxd3 15. Qxd3 Nc5
16. Qc2 d4 17. Bg5 d3 18. Qd1 Na5 19. Bxe7 Qxe7 20. N1d2 Nab3 21. Rb1 Rad8 22.
Re3 Qd7 23. Nxb3 Nxb3 24. Nd2 Bxg2 25. Kxg2 Na5 26. Qg4 Nc4 27. Nxc4 Qd5+ 28.
Kg1 bxc4 29. Re4 Rc8 30. Rd1 Rfd8 31. Rd2 Qb5 32. Kh2 Rd5 33. f4 Qc6 34. f5 exf5
35. Qxf5 Qe6 36. Qf4 Re8 37. Rf2 Red8 38. Rd2 Re8 39. Rf2 Red8 40. Rd2 Rc5 41.
Rd1 Rb8 42. Rd2 h6 43. Rf2 Rbb5 44. Rd4 Rxe5 45. Rd8+ Kh7 46. Qxf7 Rxb2 47. Qxe6
Rxf2+ 48. Kg1 Rxe6 49. Kxf2 Re2+ 50. Kf3 Rc2 51. Ra8 Rxc3 52. Rxa4 d2+ 53. Ke2
Rd3 54. Kd1 c3 55. Rc4 Rxg3 56. Kc2 Rg1 0-1

[Event "TCh-POL Ekstraliga 2018"]
[Site "Poland POL"]
[Date "2018.09.16"]
[Round "6.5"]
[Board "4"]
[White "Nurkiewicz, Maciej"]
[Black "Paszewski, Mateusz"]
[Result "0-1"]
[BlackTitle "FM"]
[WhiteElo "2370"]
[BlackElo "2322"]
[WhiteTeam "LKS Wrzos Miedzyborow"]
[BlackTeam "UKS Hetman Czestochowa"]
[WhiteFideId "1107046"]
[BlackFideId "1141058"]
[EventDate "2018.06.08"]

1. e4 c5 2. Nf3 Nc6 3. d4 cxd4 4. Nxd4 g6 5. Nc3 Bg7 6. Be3 Nf6 7. Bc4 d6 8. h3
Bd7 9. O-O Rc8 10. Bb3 Na5 11. Qe2 O-O 12. Rad1 a6 13. Bg5 Re8 14. Kh1 b5 15. f4
b4 16. Bxf6 Bxf6 17. e5 Nxb3 18. axb3 bxc3 19. exf6 cxb2 20. fxe7 Qxe7 21. Qxe7
Rxe7 22. Rf2 Re4 23. Nf3 Rxf4 24. Rb1 Rc3 25. Rd2 Bc6 26. Ng1 Be4 27. Rxb2 Rf1
28. Kh2 d5 29. Ra2 Rc6 30. c4 dxc4 31. bxc4 Rc1 32. Ne2 R1xc4 33. Ng3 h5 34. Re2
Bd5 35. Red2 Rd4 36. Rab2 Rxd2 37. Rxd2 Rc5 38. Rd4 a5 39. Nf1 Bb3 40. Nd2 a4
41. h4 Kg7 42. Nxb3 axb3 43. Rb4 Rc3 44. Rb6 Kf8 45. Rb7 Ke8 46. Kg1 Kd8 47. Kh2
Kc8 0-1

[Event "TCh-POL Ekstraliga 2018"]
[Site "Poland POL"]
[Date "2018.09.16"]
[Round "6.5"]
[Board "5"]
[White "Tomaszewski, Roman"]
[Black "Bartel, Michal"]
[Result "1-0"]
[WhiteTitle "IM"]
[BlackTitle "FM"]
[WhiteElo "2265"]
[BlackElo "2360"]
[WhiteTeam "UKS Hetman Czestochowa"]
[BlackTeam "LKS Wrzos Miedzyborow"]
[WhiteFideId "1100637"]
[BlackFideId "1119257"]
[EventDate "2018.06.08"]

1. c4 e5 2. Nc3 d6 3. d4 exd4 4. Qxd4 Nc6 5. Qd2 g6 6. b3 Bg7 7. Bb2 Nf6 8. g3
O-O 9. Bg2 Re8 10. Nh3 Bxh3 11. Bxh3 Ne4 12. Nxe4 Rxe4 13. Bg2 Bxb2 14. Qxb2 Re5
15. O-O Rb8 16. e3 Qd7 17. Rad1 b5 18. cxb5 Rexb5 19. Rc1 Ne7 20. Rc4 c5 21. Rd1
Qe6 22. Qa3 a5 23. Ra4 d5 24. Rxa5 Rxa5 25. Qxa5 Rc8 26. Qd2 Rd8 27. Qa5 Rc8 28.
Rc1 Qd6 29. h4 h5 30. Rd1 Qe5 31. Qd2 Rd8 32. a4 Qb8 33. Qc3 Qd6 34. Rc1 Rc8 35.
a5 Nf5 36. Bh3 Nxg3 37. fxg3 Qxg3+ 38. Bg2 Qxh4 39. Qe5 c4 40. a6 c3 41. a7 c2
42. Rxc2 Rxc2 43. a8=Q+ Kh7 44. Qah8# 1-0

[Event "TCh-POL Ekstraliga 2018"]
[Site "Poland POL"]
[Date "2018.09.16"]
[Round "6.5"]
[Board "6"]
[White "Kulon, Klaudia"]
[Black "Pacak, Patrycja"]
[Result "1-0"]
[WhiteTitle "WGM"]
[WhiteElo "2356"]
[BlackElo "1754"]
[WhiteTeam "LKS Wrzos Miedzyborow"]
[BlackTeam "UKS Hetman Czestochowa"]
[WhiteFideId "1131044"]
[BlackFideId "1170830"]
[EventDate "2018.06.08"]

1. c4 e5 2. g3 Nc6 3. Bg2 g6 4. Nc3 Bg7 5. e3 d6 6. Nge2 f5 7. d3 Nf6 8. O-O O-O
9. Rb1 a5 10. a3 Qe7 11. b4 g5 12. b5 Nd8 13. f4 exf4 14. gxf4 Ng4 15. Nd5 Qf7
16. h3 Nf6 17. fxg5 Nxd5 18. Bxd5 Be6 19. Nf4 c6 20. bxc6 bxc6 21. Bg2 Rc8 22.
h4 d5 23. cxd5 Bxd5 24. Nxd5 cxd5 25. Qb3 Rc5 26. a4 Kh8 27. Bb2 d4 28. Qxf7
Rxf7 29. Bxd4 Bxd4 30. exd4 Rc2 31. Rb8 Rf8 32. Ra8 f4 33. Bd5 Kg7 34. h5 Rf5
35. h6+ Kg6 36. Be4 Kxg5 37. Bxf5 Kxf5 38. Rxd8 Kg4 39. Rg8+ Kh3 40. Rf3+ Kh4
41. Rg2 Rc1+ 42. Kh2 Rc6 43. Rh3# 1-0

[Event "TCh-POL Ekstraliga 2018"]
[Site "Poland POL"]
[Date "2018.10.26"]
[Round "7.1"]
[Board "1"]
[White "Antoniewski, Rafal"]
[Black "Kempinski, Robert"]
[Result "1/2-1/2"]
[WhiteTitle "GM"]
[BlackTitle "GM"]
[WhiteElo "2521"]
[BlackElo "2575"]
[WhiteTeam "LKS Wrzos Miedzyborow"]
[BlackTeam "KSz Miedz Legnica"]
[WhiteFideId "1111078"]
[BlackFideId "1105663"]
[EventDate "2018.06.08"]

1. e4 c5 2. Nf3 Nc6 3. d4 cxd4 4. Nxd4 e5 5. Nb5 d6 6. N1c3 a6 7. Na3 Be7 8. Be3
Nf6 9. Nc4 b5 10. Nb6 Rb8 11. Nxc8 Qxc8 12. Be2 O-O 13. O-O Rd8 14. a3 d5 15.
Nxd5 Nxe4 16. c4 bxc4 17. Rc1 Qe6 18. Bxc4 Na5 19. Nxe7+ Qxe7 20. Qa4 Nxc4 21.
Qxc4 Nd2 22. Bxd2 Rxd2 23. Qxa6 Rdxb2 24. Rc8+ Rxc8 25. Qxc8+ Qf8 26. Qc7 Qxa3
27. Qxe5 h6 28. Qe8+ Qf8 29. Qe3 Qb8 30. h3 Rb1 31. Rxb1 Qxb1+ 1/2-1/2

[Event "TCh-POL Ekstraliga 2018"]
[Site "Poland POL"]
[Date "2018.10.26"]
[Round "7.1"]
[Board "2"]
[White "Bobras, Piotr"]
[Black "Cyborowski, Lukasz"]
[Result "1/2-1/2"]
[WhiteTitle "GM"]
[BlackTitle "GM"]
[WhiteElo "2499"]
[BlackElo "2514"]
[WhiteTeam "KSz Miedz Legnica"]
[BlackTeam "LKS Wrzos Miedzyborow"]
[WhiteFideId "1106880"]
[BlackFideId "1108760"]
[EventDate "2018.06.08"]

1. e4 e5 2. Nf3 Nf6 3. d4 Nxe4 4. Bd3 d5 5. Nxe5 Nd7 6. Nxd7 Bxd7 7. O-O Bd6 8.
c4 c6 9. cxd5 cxd5 10. Nc3 Nxc3 11. bxc3 O-O 12. Qh5 g6 13. Qxd5 Qc7 14. Qf3
Qxc3 15. Bh6 Rfe8 16. Qf6 Bf8 17. Bxf8 Rxf8 18. Be4 Bc6 19. Rac1 Qb4 20. Bxc6
bxc6 21. Rxc6 Rad8 22. Ra6 Qxd4 23. Qxd4 Rxd4 24. Rxa7 Re8 25. g3 Re2 26. h4
Rdd2 27. a4 Ra2 28. Kg2 Re4 29. a5 Rea4 30. a6 Rxa6 1/2-1/2

[Event "TCh-POL Ekstraliga 2018"]
[Site "Poland POL"]
[Date "2018.10.26"]
[Round "7.1"]
[Board "3"]
[White "Nurkiewicz, Maciej"]
[Black "Kriebel, Tadeas"]
[Result "0-1"]
[BlackTitle "IM"]
[WhiteElo "2370"]
[BlackElo "2487"]
[WhiteTeam "LKS Wrzos Miedzyborow"]
[BlackTeam "KSz Miedz Legnica"]
[WhiteFideId "1107046"]
[BlackFideId "330027"]
[EventDate "2018.06.08"]

1. e4 e5 2. Nf3 Nc6 3. Bc4 Bc5 4. O-O Nf6 5. d3 O-O 6. c3 d5 7. exd5 Nxd5 8. Re1
Bg4 9. h3 Bh5 10. Nbd2 Nb6 11. Bb5 Bd6 12. Ne4 f5 13. Bxc6 bxc6 14. Ng3 Bxf3 15.
Qxf3 Qd7 16. Nf1 Rae8 17. Be3 c5 18. c4 e4 19. dxe4 Nxc4 20. exf5 Rxf5 21. Qe2
Qf7 22. Rac1 Nb6 23. Qg4 h5 24. Qe2 a5 25. b3 Nd5 26. Qc4 Rf8 27. Re2 Kh8 28.
Rcc2 Qg6 29. Bc1 c6 30. Qe4 Rxf2 31. Qxg6 Rxf1# 0-1

[Event "TCh-POL Ekstraliga 2018"]
[Site "Poland POL"]
[Date "2018.10.26"]
[Round "7.1"]
[Board "4"]
[White "Murdzia, Piotr"]
[Black "Bartel, Michal"]
[Result "1/2-1/2"]
[WhiteTitle "IM"]
[BlackTitle "FM"]
[WhiteElo "2414"]
[BlackElo "2360"]
[WhiteTeam "KSz Miedz Legnica"]
[BlackTeam "LKS Wrzos Miedzyborow"]
[WhiteFideId "1105671"]
[BlackFideId "1119257"]
[EventDate "2018.06.08"]

1. d4 Nf6 2. c4 c5 3. d5 b5 4. cxb5 a6 5. bxa6 Bxa6 6. Nc3 d6 7. Nf3 g6 8. g3
Bg7 9. Bg2 O-O 10. O-O Nbd7 11. Rb1 Qa5 12. Bd2 Rfb8 13. Qc2 Ng4 14. Rfd1 Nge5
15. Nxe5 Nxe5 16. Be1 Nc4 17. Qc1 Bc8 18. b3 Ne5 19. h3 Qc7 20. Kh2 Ba6 21. f4
Nd7 22. Qc2 Qa7 23. Bf3 Nb6 24. a4 Nd7 25. Kg2 Rb6 26. Ne4 Rab8 27. Bc3 Bxc3 28.
Qxc3 Qb7 29. Nd2 Rb4 30. e3 Nf6 31. e4 Rd4 32. Rbc1 h5 33. g4 Rd3 34. Qc2 h4 35.
Nc4 Bxc4 36. Rxd3 Bxd3 37. Qxd3 Qxb3 38. Qxb3 Rxb3 39. Ra1 c4 40. a5 Rb2+ 41.
Kf1 c3 42. Rc1 c2 43. Ke2 Ra2 44. Kd2 Rxa5 45. Rxc2 Ra7 46. g5 Nd7 47. Rc3 Nc5
48. Ke3 Ra4 49. e5 Kf8 50. Be2 Re4+ 51. Kf3 Rd4 52. exd6 exd6 53. Kg4 Rxd5 54.
Kxh4 Rd4 55. Kg4 Ne6 56. Rc4 Rd2 57. Bf3 Nd4 58. Rc7 Ne6 59. Rc4 Ng7 60. Rc8+
Ke7 61. Rc7+ Ke6 62. Bb7 f5+ 63. Kf3 Nh5 64. Ke3 Rh2 65. Bc8+ Kd5 66. Bb7+ Ke6
67. Bc8+ Kd5 68. Bb7+ 1/2-1/2

[Event "TCh-POL Ekstraliga 2018"]
[Site "Poland POL"]
[Date "2018.10.26"]
[Round "7.1"]
[Board "5"]
[White "Sliwerski, Radoslaw"]
[Black "Sieciechowicz, Marcin"]
[Result "0-1"]
[BlackTitle "IM"]
[WhiteElo "2006"]
[BlackElo "2410"]
[WhiteTeam "LKS Wrzos Miedzyborow"]
[BlackTeam "KSz Miedz Legnica"]
[WhiteFideId "1115308"]
[BlackFideId "1130170"]
[EventDate "2018.06.08"]

1. d4 Nf6 2. c4 g6 3. g3 Bg7 4. Bg2 O-O 5. Nc3 c6 6. e4 d6 7. Nf3 Qa5 8. O-O Be6
9. Qb3 Qa6 10. d5 Bg4 11. Be3 Nbd7 12. Nd2 cxd5 13. cxd5 Nb6 14. Rfc1 Rfc8 15.
Bf1 Qa5 16. f3 Bd7 17. Kg2 Ne8 18. Rab1 Rc7 19. Nb5 Rxc1 20. Rxc1 Na4 21. Rc2 a6
22. Nc3 Nxc3 23. Qxb7 Nd1 24. Bb6 Qb4 25. a3 Ne3+ 26. Kh1 Qxb6 27. Qxb6 Nxc2 28.
Qb7 Rd8 29. Qb6 Rc8 30. Qb7 Rc7 31. Qxa6 Ne3 32. Qe2 Nxf1 33. Qxf1 Bxb2 34. Qd3
Rc3 35. Qe2 Bh3 36. Kg1 Rc1+ 0-1

[Event "TCh-POL Ekstraliga 2018"]
[Site "Poland POL"]
[Date "2018.10.26"]
[Round "7.1"]
[Board "6"]
[White "Krupa, Monika"]
[Black "Kulon, Klaudia"]
[Result "0-1"]
[WhiteTitle "WGM"]
[BlackTitle "WGM"]
[WhiteElo "2241"]
[BlackElo "2356"]
[WhiteTeam "KSz Miedz Legnica"]
[BlackTeam "LKS Wrzos Miedzyborow"]
[WhiteFideId "1106660"]
[BlackFideId "1131044"]
[EventDate "2018.06.08"]

1. e4 c5 2. Nf3 Nc6 3. Bb5 g6 4. O-O Bg7 5. c3 e5 6. d4 cxd4 7. cxd4 Nxd4 8.
Nxd4 exd4 9. f4 Qb6 10. Na3 a6 11. Ba4 Nf6 12. Qd3 O-O 13. e5 Nd5 14. Bb3 Nb4
15. Qf3 d5 16. Bd2 Bf5 17. Bxb4 d3+ 18. Qf2 Qxb4 19. Bxd5 Rfd8 20. Bb3 Bf8 21.
Kh1 a5 22. Rac1 d2 23. Rcd1 a4 24. Bc4 Rac8 25. Qh4 Be7 26. Bxf7+ Kg7 0-1

[Event "TCh-POL Ekstraliga 2018"]
[Site "Poland POL"]
[Date "2018.10.26"]
[Round "7.2"]
[Board "1"]
[White "Kuzmicz, Krystian"]
[Black "Nasuta, Grzegorz"]
[Result "0-1"]
[WhiteTitle "IM"]
[BlackTitle "IM"]
[WhiteElo "2460"]
[BlackElo "2490"]
[WhiteTeam "Bialy Krol Wisznia Mala"]
[BlackTeam "UKS Hetman Czestochowa"]
[WhiteFideId "1119125"]
[BlackFideId "1141686"]
[EventDate "2018.06.08"]

1. d4 d5 2. Nc3 Bf5 3. f3 e6 4. Bf4 Nf6 5. g4 Bg6 6. h4 h5 7. g5 Nfd7 8. e4 dxe4
9. Nxe4 Be7 10. Qd2 O-O 11. O-O-O Nb6 12. Bd3 Nc6 13. c3 Rb8 14. Qh2 Nd5 15. Ne2
b5 16. Be5 Nxe5 17. dxe5 c6 18. Rhg1 Kh8 19. Nf4 Qb6 20. Rge1 b4 21. c4 Nxf4 22.
Qxf4 b3 23. a3 Bxa3 24. bxa3 b2+ 25. Kd2 Rfd8 26. Nd6 Bxd3 27. Kxd3 Qf2 28. Re2
Rb3+ 29. Kd2 Qc5 30. Kc2 Rdb8 31. Rb1 Qxa3 32. Qxf7 Rxf3 33. Qxh5+ Kg8 34. Qxf3
Qxf3 0-1

[Event "TCh-POL Ekstraliga 2018"]
[Site "Poland POL"]
[Date "2018.10.26"]
[Round "7.2"]
[Board "2"]
[White "Ponizil, Cyril"]
[Black "Brodowski, Piotr"]
[Result "0-1"]
[WhiteTitle "IM"]
[BlackTitle "IM"]
[WhiteElo "2493"]
[BlackElo "2437"]
[WhiteTeam "UKS Hetman Czestochowa"]
[BlackTeam "Bialy Krol Wisznia Mala"]
[WhiteFideId "322202"]
[BlackFideId "1124480"]
[EventDate "2018.06.08"]

1. e4 d6 2. d4 g6 3. c4 Bg7 4. Nc3 Nf6 5. Nf3 O-O 6. Be2 e5 7. O-O Nc6 8. d5 Ne7
9. Ne1 Ne8 10. f3 f5 11. g4 Nf6 12. h4 Qd7 13. Bg5 h6 14. Bxf6 Bxf6 15. Qd2 f4
16. Ng2 a5 17. a3 c5 18. b4 axb4 19. axb4 Rxa1 20. Rxa1 Qc7 21. Nd1 Bd7 22. bxc5
Qxc5+ 23. Nf2 Rb8 24. Kf1 b5 25. Rb1 Nc8 26. cxb5 Bd8 27. Rc1 Qa3 28. Rc3 Qa1+
29. Rc1 Qa3 30. Nd1 Na7 31. Rc3 Qa5 32. Rc2 Qxd2 33. Rxd2 Nxb5 34. Rb2 Rb6 35.
Ra2 Kf7 36. Ra8 Ke7 37. Ne1 Nd4 38. Bd3 Rb3 39. Kg2 h5 40. gxh5 gxh5 41. Nf2 Rb2
42. Bf1 Rb1 43. Nfd3 Bb5 44. Ra2 Kf7 45. Rb2 Ra1 46. Be2 Rxe1 47. Nxe1 Bxe2 48.
Rb7+ Ke8 0-1